000 00568nam a22001937a 4500
003 CEME
005 20210628202117.0
008 210120b xxu||||| |||| 00| 0 eng d
020 _a0-7506-7329-X
040 _cceme
082 _a621.381044 BRO
100 _aBrown, Marty
_958316
245 _aPower supply cookbook
250 _a2ND
260 _aBOSTON
_bNEWNES
_c2001
300 _aXI,264P
650 _aELECTRIC POWER SUPPLIES TO APPARATUS-DESIGN AND CONSTRUCTION POWER ELECTRONICS ELECTRONIC APPARATUS AND APPLIANCES-POWER SUPPLY
_958317
942 _cBK
_2ddc
999 _c568514
_d568514